000 00361nam a2200169Ia 4500
001 15784
003 IN-NITTTR
005 20251114233149.0
008 251113s9999||||xx |||||||||||||| ||eng||
040 _beng
040 _cIN-NITTTR
041 _aeng
082 _a005.133 L477
100 _aGnosis,
245 0 _aLearning LISP /
_cGnosis
942 _2ddc
_cBK
999 _c18418
_d18418